LIBRARY & INFORMATION CENTRE, KCAET, TAVANUR

ONLINE PUBLIC ACCESS CATALOGUE (OPAC)

Normal view MARC view
  • Yashpal,

Entry Personal Name

Number of records used in: 1

001 - CONTROL NUMBER

  • control field: 5734

003 - CONTROL NUMBER IDENTIFIER

  • control field: OSt

005 - DATE AND TIME OF LATEST TRANSACTION

  • control field: 20231204143241.0

008 - FIXED-LENGTH DATA ELEMENTS

  • fixed length control field: 231204|| aca||aabn | a|a d

040 ## - CATALOGING SOURCE

  • Original cataloging agency: OSt
  • Transcribing agency: OSt

100 ## - HEADING--PERSONAL NAME

  • Personal name: Yashpal,

670 ## - SOURCE DATA FOUND

  • Source citation: Work cat.: (OSt)4089: Yashpal, ., Divya / , 1961.
free website counter